000 00473nam a2200181Ia 4500
001 12674
005 20260306162958.0
008 260306t2019||||xx |||||||||||||| ||spa||
041 _aESP
082 _aHR 658
_bMAY-AGO 2019 AE
110 _aInstituto Pacífico
245 0 _aActualidad empresarial:
_brevista de investigación y negocios
260 _c2019
300 _avarias paginaciones :
_c30 cm.
650 _aGEN
654 _aCAN
942 _cREV
_dJUS
_fJUS
_2ddc
_n
999 _c12674
_d12674